| 000 | 01355nam a2200325 i 4500 | ||
|---|---|---|---|
| 003 | EG-GICUC | ||
| 005 | 20260206003025.0 | ||
| 008 | 260206s1989 ua a|||| |||| 00| 0 ara d | ||
| 040 |
_a EG-GICUC _bara _c EG-GICUC _d EG-GICUC _erda |
||
| 041 | 0 | _aara | |
| 082 | 0 | 4 |
_221 _a341.280599 _bع ل . م |
| 092 | 0 | 4 |
_221 _a341.280599 |
| 099 | _aLaw1 11 341.2805699 ع ل . م 1989 | ||
| 100 | 0 |
_aعلى غزلان _eمؤلف. |
|
| 245 | 1 | 0 |
_aمحكمة العدل العليا الإسرائيلية و المناطق المحتلة / _cعلى غزلان |
| 246 | _aThe Israeli supreme court the occupied territories. | ||
| 264 |
_a[فلسطين] : _bالدارس الفلسطينى للشئون القانونية والثقافية، _c1989. |
||
| 300 |
_a19, 21 صفحة _c24 سم |
||
| 336 |
_2rda content _atext |
||
| 337 |
_2rda media _aComputer |
||
| 338 |
_2rda carrier _aOnline Resource |
||
| 500 | _aالكتاب باللغتين العربية و الإنجليزية | ||
| 546 | _aالنص أغلبه باللغة العربية مع بعض النصوص الإنجليزية | ||
| 650 | 1 |
_aالمناطق غير المستقلة _zإسرائيل _2qrmak |
|
| 650 | 1 |
_aمحكمة العدل _zإسرائيل |
|
| 651 | 1 | _2qrmak | |
| 856 | 4 | 0 | _uhttps://fll.law.cu.edu.eg/fulltext/bks/B11-05747.pdf |
| 905 | _a15 | ||
| 942 |
_2ddc _cBK _e21 _n0 |
||
| 999 |
_c61394 _d61394 |
||